Prvý rok reálneho fungovania druhého piliera dôchodkového zabezpečenia

Výsledky činnosti dôchodkových správcovských spoločností v roku 2005. Vysoké počiatočné náklady dôchodkových správcovských spoločností. Druhý pilier dôchodkového zabezpečenia a veková štruktúra sporiteľov. Registrácia v registri poistencov a sporiteľov v Sociálnej poisťovni. Stratégia dôchodkových s...

Description complète

Enregistré dans:
Détails bibliographiques
Auteur principal: Barri, Ivan
Format: Chapitre de livre
Langue:slovaque
Sujets:
Tags: Ajouter un tag
Pas de tags, Soyez le premier à ajouter un tag!

MARC

LEADER 00000naa$a2200000$$$4500
001 0044025
005 20231116082735.1
041 0 |a slo 
044 |a SK 
245 1 0 |a Prvý rok reálneho fungovania druhého piliera dôchodkového zabezpečenia  |c Ivan Barri 
520 |a Výsledky činnosti dôchodkových správcovských spoločností v roku 2005. Vysoké počiatočné náklady dôchodkových správcovských spoločností. Druhý pilier dôchodkového zabezpečenia a veková štruktúra sporiteľov. Registrácia v registri poistencov a sporiteľov v Sociálnej poisťovni. Stratégia dôchodkových správcovských spoločností. Preferovanie rastových dôchodkových fondov. Prieskum verejnej mienky na prvý rok dôchodkovej reformy. 
610 2 0 |a poisťovníctvo 
610 2 0 |a poistenie dôchodkové 
610 2 0 |a zabezpečenie dôchodkové 
610 2 0 |a reformy dôchodkové 
610 2 0 |a sporenie dôchodkové 
610 2 0 |a spoločnosti správcovské dôchodkové 
610 2 0 |a poistníci 
610 2 0 |a vek 
610 2 0 |a fondy penzijné 
100 1 |a Barri, Ivan